Plan oceanográfico nacional
Uloženo v:
| Korporativní autor: | |
|---|---|
| Médium: | Kniha |
| Jazyk: | španělština |
| Vydáno: |
Valparaíso
Comité Oceanográfico Nacional
1998
|
| Témata: | |
| Tagy: |
Přidat tag
Žádné tagy, Buďte první, kdo vytvoří štítek k tomuto záznamu!
|
MARC
| LEADER | 00000nam a2200000 a 4500 | ||
|---|---|---|---|
| 001 | UCO7119 | ||
| 003 | CL-VaPUC | ||
| 008 | 001110e19980000CL |||||||||||||||||spa|d | ||
| 082 | 0 | 4 | |a 551.46 |b COM |2 21 |
| 110 | 2 | |a Comité Oceanográfico Nacional |e author |9 451802 | |
| 245 | 1 | 0 | |a Plan oceanográfico nacional |
| 300 | |a 32 p | ||
| 942 | |c BK | ||
| 945 | |d 20001110 00:00:00 |a vberengu | ||
| 260 | |a Valparaíso |b Comité Oceanográfico Nacional |c 1998 | ||
| 650 | 0 | |a Derecho marítimo |9 255301 | |
| 650 | 0 | |a Geomorfología |9 261377 | |
| 650 | 0 | |a Investigación científica |9 259857 | |
| 650 | 0 | |a Oceanografía |9 260014 | |
| 651 | 7 | |a CHILE |2 CL-VaPUC |9 451803 | |
| 583 | |a last modification |c 20001110 00:00:00 |k Rodrigo Vera | ||
| 999 | |c 292324 |d 292322 | ||
| 952 | |0 0 |1 0 |2 ddc |4 0 |6 551_460000000000000_COM_1998 |7 0 |8 P |9 343113 |a BIBCUR |b BIBCUR |c PAC |d 2019-11-20 |i 3619338 |o 551.46 COM 1998 |p 3619338 |r 2025-04-22 |w 2019-11-20 |y BK |k RNT | ||